Brněnský samizdat : svobodné časopisy v nesvobodné době /

Další autoři: Voráč, Jiří, 1965-, Čechová, Eva, 1984-
Jazyk: Čeština
Vydáno: Brno : Moravská zemská knihovna v Brně, 2024
Vydání: 1. vydání
Témata:
Externí odkaz: Digitalizovaný dokument
Fyzický popis: 219 stran : ilustrace (některé barevné), portréty, faksimile ; 27 cm
Language note: Anglické resumé
Knihy
Uloženo v:
LEADER 02937nam a2200757 i 4500
001 nkc20243633008
003 CZ PrNK
005 20260424094711.0
007 ta
008 240924s2024 xr ach e c 000 0 cze
015 |a cnb003633008 
020 |a 978-80-7051-348-4  |q (brožováno) 
035 |a (OCoLC)1477948073 
040 |a ABA001  |b cze  |d BOA001  |e rda 
041 0 |a cze  |b eng 
043 |a e-xr---  |b e-xr-jm  |2 czenas 
045 |a x7x8 
072 7 |a 070  |x Noviny. Tisk. Žurnalistika  |2 Konspekt  |9 12 
080 |a 070.48:098.1  |2 MRF 
080 |a 316.723  |2 MRF 
080 |a 316.723:098.1  |2 MRF 
080 |a 316.7:32  |2 MRF 
080 |a (437.322)  |2 MRF 
080 |a (048.8)  |2 MRF 
080 |a (047.53)  |2 MRF 
080 |a (093)  |2 MRF 
080 |a (083.824)  |2 MRF 
245 0 0 |a Brněnský samizdat :  |b svobodné časopisy v nesvobodné době /  |c Jiří Voráč a Eva Čechová (eds.) 
246 3 0 |a Svobodné časopisy v nesvobodné době 
250 |a 1. vydání 
264 1 |a Brno :  |b Moravská zemská knihovna v Brně,  |c 2024 
300 |a 219 stran :  |b ilustrace (některé barevné), portréty, faksimile ;  |c 27 cm 
336 |a text  |b txt  |2 rdacontent 
336 |a statický obraz  |b sti  |2 rdacontent 
337 |a bez média  |b n  |2 rdamedia 
338 |a svazek  |b nc  |2 rdacarrier 
504 |a Obsahuje bibliografie a bibliografické odkazy 
546 |a Anglické resumé 
648 7 |a 1977-1989  |7 ch601419  |2 czenas 
650 0 7 |a samizdatové časopisy  |7 ph255094  |z Česko  |y 1977-1989  |2 czenas 
650 0 7 |a alternativní kultura  |7 ph118632  |z Česko  |y 1977-1989  |2 czenas 
650 0 7 |a samizdat  |7 ph136929  |z Česko  |y 1977-1989  |2 czenas 
650 0 7 |a kultura a politika  |7 ph234811  |z Česko  |y 1977-1989  |2 czenas 
650 0 9 |a samizdat journals  |z Czechia  |y 1977-1989  |2 eczenas 
650 0 9 |a alternative culture  |z Czechia  |y 1977-1989  |2 eczenas 
650 0 9 |a samizdat  |z Czechia  |y 1977-1989  |2 eczenas 
650 0 9 |a culture and politics  |z Czechia  |y 1977-1989  |2 eczenas 
651 7 |a Brno (Česko)  |7 ge134084  |2 czenas 
651 9 |a Brno (Czechia)  |2 eczenas 
655 7 |a studie  |7 fd133597  |2 czenas 
655 7 |a rozhovory  |7 fd133303  |2 czenas 
655 7 |a prameny  |7 fd131865  |2 czenas 
655 7 |a katalogy výstav  |7 fd132536  |2 czenas 
655 9 |a studies  |2 eczenas 
655 9 |a interviews  |2 eczenas 
655 9 |a sources  |2 eczenas 
655 9 |a exhibition catalogs  |2 eczenas 
700 1 |a Voráč, Jiří,  |d 1965-  |7 jo2002106721  |4 edt 
700 1 |a Čechová, Eva,  |d 1984-  |7 mzk20241242728  |4 edt 
856 4 1 |u https://www.digitalniknihovna.cz/mzk/view/uuid:c8835a56-3cfb-47dc-8308-1b8c8106bc0f  |y Digitalizovaný dokument 
910 |a BOA001  |b 3-1534.270 
990 |a BK 
995 |a 01 
991 |b 202411  |c NOV 
996 6 |b 2610984341  |c 3-1534.270  |l MZK  |r Sklad / do 1 hodiny  |n 2  |p p.v.  |w 001982682  |u 000010  |a 1  |e BOA001  |j MZK50  |s P 
996 7 |b 2610984342  |c 3-1534.270  |l MZK  |r Sklad / do 1 hodiny  |n 5  |p p.v.  |w 001982682  |u 000020  |a 1  |e BOA001  |j MZK50  |s A